Sambashanangal:K n Panikkar (Record no. 107590)

MARC details
000 -LEADER
fixed length control field 00387nam a2200133Ia 4500
008 - FIXED-LENGTH DATA ELEMENTS--GENERAL INFORMATION
fixed length control field 211119s9999||||xx |||||||||||||| ||und||
082 ## - DEWEY DECIMAL CLASSIFICATION NUMBER
Classification number 894.8124
Item number RAM-S
100 ## - MAIN ENTRY--PERSONAL NAME
Personal name Ramachandran, T K
245 #0 - TITLE STATEMENT
Title Sambashanangal:K n Panikkar
260 ## - PUBLICATION, DISTRIBUTION, ETC.
Name of publisher, distributor, etc. Current Books
Place of publication, distribution, etc. Kottayam
Date of publication, distribution, etc. 2008
300 ## - PHYSICAL DESCRIPTION
Extent 140p
650 ## - SUBJECT ADDED ENTRY--TOPICAL TERM
Topical term or geographic name entry element Malayalam Literature
942 ## - ADDED ENTRY ELEMENTS (KOHA)
Koha item type BOOK
650 ## - SUBJECT ADDED ENTRY--TOPICAL TERM
Form subdivision Malayalam EssaysMalayalam
General subdivision General Stack
Holdings
Withdrawn status Lost status Damaged status Not for loan Home library Current library Date acquired Cost, normal purchase price Total Checkouts Full call number Barcode Shelving location Date last seen Price effective from Koha item type
        SB LIBRARY SB LIBRARY 19/11/2021 75.00   894.8124 RAM-S 00121004 GENERAL STACK 19/11/2021 19/11/2021 BOOK

Powered by Koha